000 00728nam a2200229Ia 4500
003 GCL
008 140319s9999 xx 000 0 ara d
040 _aGCL /
_cGCL
082 0 4 _a810.8005
_bت م
100 1 _aمحمد كرد على
245 1 0 _aالمستجاد من فعلات الاجواد /
_cمحمد كرد على
700 1 _aالنتوخى , ابوعلى الحسن بن ابى
260 _a[S.N] :
_bدار صادر ،
_c1991
300 _a284
490 _a
650 0 4 _aالادب العربى
650 0 4 _aالاخلاق الاسلامية
650 0 4 _aالبلاغة العربية
650 0 4 _aالدولة العباسية الثانية
650 0 4 _aالمجموعات
942 _2ddc
_cBK
999 _c31499
_d31499